Clamorose Definizione:comefare case con le parole

Guardat en:
Dades bibliogràfiques
Autor principal: La Falla
Format: Llibre
Idioma:idioma desconegut
Publicat: La Falla
Etiquetes: Afegir etiqueta
Sense etiquetes, Sigues el primer a etiquetar aquest registre!

MARC

LEADER 00000nam a2200000Ia 4500
001 R-1539
003 CODICE-MESSINA
005 20260212102509.0
008 260211s9999 xx 000 0 und d
040 |c importazione_messina 
100 |a La Falla 
245 0 |a Clamorose 
245 0 |b Definizione:comefare case con le parole 
260 |b La Falla 
942 |2 ddc  |c BK 
952 |0 0  |1 0  |2 ddc  |4 0  |6 SCAFFALE_15_000000000000000__LGBT_S_R  |7 0  |9 32377  |a ME  |b ME  |d 2026-02-11  |l 0  |o SCAFFALE 15 - LGBT S.R.  |p R-1539  |r 2026-02-11 23:53:09  |w 2026-02-11  |x [REVISIONARE]  |y BK 
999 |c 28044  |d 28044